00582nam a2200205 a 4500001001300000003000900013005001700022008004100039020002400080082001700104100002100121245004400142260005600186300000900242500003500251505003500286650001700321650001700338700002100355nice12345678IN_TiNIC20260116014054.0110110s2010 cola grp 000 0 eng  a9781570039195c301700a297.454bPEM aPemberton, Kelly aWomen Mystics and Sufi Shrines in India aColumbiabUniversity of South Caroline Press c2010 a233p aincludes index and biblioraphy2 anotes, glossary, biblio, index aSufism-India aSufism-India1 aPemberton, Kelly